Gaming Quiz

Random Gaming or Video Games Quiz

League of Legends Ability Match Quiz Stats

 Plays Quiz not verified by Sporcle

Challenge
Share
Tweet
Score 0/129 Timer 20:00
1 Play Today
% Correct
Udyr
89.8%
Shaco
89.3%
Amumu
88.9%
Master Yi
87.1%
Heimerdinger
85.6%
Morgana
85.1%
Gragas
83.6%
Orianna
82.9%
Rengar
82.9%
Bard
82.7%
Miss Fortune
81%
Azir
80.5%
Fiddlesticks
80.5%
Jayce
80.4%
Trundle
78.4%
Soraka
77.9%
Zyra
77.7%
Vayne
77.5%
Zilean
77.3%
Zac
77%
Vladimir
76.8%
Ryze
76.7%
Rumble
76.3%
Jhin
75.7%
Gangplank
75.5%
Katarina
74.7%
Warwick
73.8%
Fiora
73.7%
Ezreal
73.5%
Mordekaiser
73%
Caitlyn
72.1%
Twisted Fate
72%
Sivir
71.8%
Varus
70.8%
Singed
70.5%
Viktor
70.5%
Jinx
70%
Cassiopeia
69.8%
Nidalee
69.6%
Nami
69.5%
Sona
69.5%
Ashe
69.3%
Jarvan IV
67.8%
% Correct
Dr. Mundo
67.4%
LeBlanc
67.1%
Alistar
66.9%
Thresh
66.6%
Skarner
66.3%
Taric
65.9%
Kog'Maw
65.1%
Urgot
63.9%
Ziggs
63.6%
Ekko
63.1%
Ahri
62.9%
Diana
62.9%
Lux
62.9%
Kalista
62.1%
Rammus
62.1%
Jax
60.7%
Malzahar
60.4%
Sejuani
60.4%
Nasus
60.1%
Vi
60.1%
Yorick
59.9%
Teemo
58.9%
Lulu
58.7%
Volibear
58.6%
Janna
58.4%
Nautilus
57.9%
Nunu
56.9%
Lissandra
56.5%
Kennen
56.4%
Karthus
56%
Veigar
55.5%
Wukong
55%
Tahm Kench
54.9%
Zed
54.5%
Leona
54.4%
Darius
53.9%
Graves
53.7%
Lee Sin
53.7%
Xerath
53.2%
Syndra
52.9%
Malphite
52.5%
Yasuo
52.3%
Xin Zhao
52.2%
% Correct
Aatrox
52%
Maokai
52%
Fizz
51.7%
Twitch
51.3%
Swain
51%
Garen
51%
Cho'Gath
48%
Irelia
47.8%
Gnar
47.5%
Talon
46.5%
Corki
46.1%
Tristana
45.5%
Draven
44.6%
Shyvana
44.6%
Brand
44.5%
Blitzcrank
44.3%
Elise
44.3%
Renekton
43.8%
Kha'Zix
43.5%
Vel'Koz
43.5%
Quinn
43.3%
Nocturne
41.8%
Olaf
41.4%
Pantheon
41.4%
Kayle
40.6%
Shen
38.9%
Galio
38.6%
Annie
37.9%
Rek'Sai
37.8%
Kassadin
37.1%
Illaoi
36.6%
Lucian
35.6%
Evelynn
35.2%
Braum
34.9%
Anivia
34.1%
Tryndamere
32.6%
Akali
32%
Karma
28.7%
Sion
25.5%
Hecarim
22.7%
Poppy
21.6%
Riven
17.3%
Kindred
14.8%

You're not logged in!

Compare scores with friends on all Sporcle quizzes.
Join for Free
OR
Log In

You Might Also Like...

Show Comments

Extras

Top Quizzes Today


Score Distribution

Your Account Isn't Verified!

In order to create a playlist on Sporcle, you need to verify the email address you used during registration. Go to your Sporcle Settings to finish the process.

Report this User

Report this user for behavior that violates our Community Guidelines.

Details: